[Event "DEN-ch Seniors 65+"]
[Site "Hvidovre"]
[Date "2018.02.12"]
[Round "1"]
[White "Nielsen, Jan Torp"]
[Black "Jakobsen, Henning"]
[Result "1-0"]
[WhiteElo "1819"]
[BlackElo "1471"]
[PlyCount "29"]
[EventDate "2018.02.12"]
[EventType "swiss"]
[EventRounds "7"]
[EventCountry "DEN"]
[SourceTitle "EXT 2020"]
[Source "ChessBase"]
[SourceDate "2019.10.17"]
[SourceVersion "1"]
[SourceVersionDate "2019.10.17"]
[SourceQuality "1"]

1. e4 d6 2. d4 Nf6 3. Bd3 g6 4. h3 Bg7 5. Nf3 Nc6 6. Be3 0-0 7. 0-0 Nd7 8. Qd2 e5 9. c3 b6 10. Na3 a5 11. Rfe1 Ne7 12. Bh6 f5 13. Bxg7 Kxg7 14. exf5 Rxf5 15. Bxf5 1-0

[Event "Faxe Dags op"]
[Site "Faxe"]
[Date "2017.05.24"]
[Round "7"]
[White "Jakobsen, Henning"]
[Black "Mathiasen, Gunnar"]
[Result "1/2-1/2"]
[WhiteElo "1521"]
[BlackElo "1613"]
[PlyCount "96"]
[EventDate "2017.04.05"]
[EventType "swiss"]
[EventRounds "7"]
[EventCountry "DEN"]
[SourceTitle "EXT 2021"]
[Source "ChessBase"]
[SourceDate "2020.10.23"]
[SourceVersion "1"]
[SourceVersionDate "2020.10.23"]
[SourceQuality "1"]

1. d4 Nf6 2. c4 d5 3. Nc3 e6 4. Bg5 h6 5. Bxf6 gxf6 6. e3 dxc4 7. Bxc4 Nc6 8. a3 Rg8 9. g3 Bd7 10. b4 Ne7 11. Ne4 Nf5 12. Nf3 Bc6 13. d5 exd5 14. Bxd5 Be7 15. Bxc6+ bxc6 16. Qc2 Qd5 17. Rd1 Qb5 18. Qd3 Nd6 19. Nd4 Qxd3 20. Nxd6+ cxd6 21. Rxd3 c5 22. bxc5 dxc5 23. Nf5 Bf8 24. 0-0 Rg5 25. Nd6+ Bxd6 26. Rxd6 Ke7 27. Rfd1 Re5 28. Rc6 Rb8 29. Rc7+ Kf8 30. Rdd7 Rb3 31. Rxf7+ Kg8 32. Rfd7 Rb8 33. Rxa7 Rc8 34. Rg7+ Kh8 35. Rh7+ Kg8 36. Rag7+ Kf8 37. Rf7+ Kg8 38. Rd7 c4 39. Rxh6 c3 40. Rdh7 Rc6 41. Rh8+ Kg7 42. R6h7+ Kg6 43. Rh6+ Kg7 44. R8h7+ Kg8 45. Rb7 c2 46. Rg6+ Kh8 47. Rh6+ Kg8 48. Rg6+ Kh8 1/2-1/2

[Event "Faxe Dags op"]
[Site "Faxe"]
[Date "2017.04.19"]
[Round "3"]
[White "Jakobsen, Henning"]
[Black "Eckert, Svend"]
[Result "0-1"]
[WhiteElo "1521"]
[BlackElo "1695"]
[PlyCount "88"]
[EventDate "2017.04.05"]
[EventType "swiss"]
[EventRounds "7"]
[EventCountry "DEN"]
[SourceTitle "EXT 2021"]
[Source "ChessBase"]
[SourceDate "2020.10.23"]
[SourceVersion "1"]
[SourceVersionDate "2020.10.23"]
[SourceQuality "1"]

1. d4 Nf6 2. c4 e6 3. Nf3 c5 4. d5 d6 5. Nc3 Be7 6. e4 e5 7. Be2 0-0 8. 0-0 h6 9. h3 Na6 10. a3 Nc7 11. Nh4 Nxe4 12. Nxe4 Bxh4 13. Bg4 f5 14. g3 Be7 15. Qe2 fxg4 16. hxg4 Ne8 17. Kg2 Nf6 18. Nxf6+ Bxf6 19. Qe4 Bg5 20. f4 exf4 21. gxf4 Bf6 22. Qg6 Qe8 23. Qxe8 Rxe8 24. g5 hxg5 25. fxg5 Be5 26. g6 Rf8 27. Rxf8+ Kxf8 28. Ra2 Bf5 29. b4 Bxg6 30. Rf2+ Kg8 31. bxc5 dxc5 32. Re2 Re8 33. Bb2 Bxb2 34. Rxb2 b6 35. Rb3 Re2+ 36. Kf3 Rc2 37. Re3 Rxc4 38. d6 Bh5+ 39. Kf2 Kf8 40. Rd3 Rd4 41. Ke3 Rxd3+ 42. Kxd3 Ke8 43. Ke4 Kd7 44. Ke5 g5 0-1

[Event "Faxe Dags op"]
[Site "Faxe"]
[Date "2017.04.05"]
[Round "1"]
[White "Jakobsen, Henning"]
[Black "Nielsen, Kurt Sogaard"]
[Result "1-0"]
[WhiteElo "1521"]
[BlackElo "1806"]
[PlyCount "105"]
[EventDate "2017.04.05"]
[EventType "swiss"]
[EventRounds "7"]
[EventCountry "DEN"]
[SourceTitle "EXT 2021"]
[Source "ChessBase"]
[SourceDate "2020.10.23"]
[SourceVersion "1"]
[SourceVersionDate "2020.10.23"]
[SourceQuality "1"]

1. d4 Nf6 2. c4 d5 3. Nc3 c6 4. Nf3 g6 5. Bg5 Bg7 6. e3 0-0 7. Be2 Be6 8. 0-0 dxc4 9. a4 a6 10. Ne5 Nbd7 11. Nxc4 b5 12. axb5 cxb5 13. Na5 Nb6 14. Nb7 Qc7 15. Nc5 Bc8 16. Bf3 Ra7 17. Bf4 Qd8 18. Bb8 Rb7 19. Bxb7 Bxb7 20. Nxb7 Qxb8 21. Nc5 b4 22. Nxa6 Qd6 23. Nb5 Qc6 24. Nbc7 Rd8 25. Rc1 Qe4 26. Nxb4 e5 27. Nc6 Rd6 28. Nxe5 Nh5 29. Qf3 Qxf3 30. Nxf3 Nf6 31. Nb5 Rd8 32. Rc6 Nbd5 33. Rfc1 h6 34. Rc8 Rxc8 35. Rxc8+ Kh7 36. Nd6 Ne7 37. Ra8 Nfd5 38. Nxf7 Bf6 39. N3e5 h5 40. Nd7 Bg7 41. h4 Nc7 42. Ra7 Ned5 43. Nde5 Ne6 44. Ra6 Ndc7 45. Rc6 Bf6 46. Ng5+ Bxg5 47. hxg5 Kg7 48. Rd6 Nf8 49. Nd7 Nfe6 50. d5 Nxg5 51. Ne5 Ne4 52. Rd7+ Kf6 53. f4 1-0

[Event "Taastrup Quick Weekend 23th Basis 6"]
[Site "Taastrup"]
[Date "2016.05.20"]
[Round "1"]
[White "Jakobsen, Henning"]
[Black "Frost, Philip"]
[Result "1/2-1/2"]
[WhiteElo "1514"]
[BlackElo "1574"]
[PlyCount "53"]
[EventDate "2016.05.20"]
[EventType "tourn"]
[EventRounds "5"]
[EventCountry "DEN"]
[SourceTitle "EXT 2024"]
[Source "ChessBase"]
[SourceDate "2023.10.10"]
[SourceVersion "1"]
[SourceVersionDate "2023.10.10"]
[SourceQuality "1"]

1. d4 d6 2. c4 g6 3. Nc3 Bg7 4. Nf3 Nf6 5. e4 0-0 6. Be2 Nbd7 7. 0-0 e5 8. d5 Nc5 9. Nd2 Bh6 10. b4 Bxd2 11. Bxd2 Ncxe4 12. Nxe4 Nxe4 13. f3 Nxd2 14. Qxd2 Qh4 15. Qe1 Qxe1 16. Rfxe1 Bd7 17. Bd3 f5 18. Rac1 a5 19. b5 c5 20. Re2 f4 21. a4 Kf7 22. g4 Rh8 23. h4 Rag8 24. Rh2 Kf6 25. Kf2 h6 26. Rg1 g5 27. h5 1/2-1/2

[Event "Faxe Dags op"]
[Site "Faxe"]
[Date "2016.05.17"]
[Round "7"]
[White "Jakobsen, Henning"]
[Black "Mathiasen, Gunnar"]
[Result "1-0"]
[WhiteElo "1519"]
[BlackElo "1635"]
[PlyCount "103"]
[EventDate "2016.03.30"]
[EventType "swiss"]
[EventRounds "7"]
[EventCountry "DEN"]
[SourceTitle "EXT 2021"]
[Source "ChessBase"]
[SourceDate "2020.10.23"]
[SourceVersion "1"]
[SourceVersionDate "2020.10.23"]
[SourceQuality "1"]

1. d4 Nf6 2. c4 e6 3. Nc3 Bb4 4. Bd2 0-0 5. Nf3 d5 6. e3 a6 7. Bd3 Bxc3 8. Bxc3 Nbd7 9. Bb4 Re8 10. 0-0 dxc4 11. Bxc4 Nb6 12. Bb3 Nbd5 13. Bd2 c6 14. a3 Ne4 15. Rc1 f6 16. Bc2 Nd6 17. Bb1 Kh8 18. Nh4 f5 19. Nf3 Nf6 20. Ne5 Qc7 21. Bb4 Nf7 22. f4 Nd5 23. Qh5 Kg8 24. Rf3 Nf6 25. Qh4 Nxe5 26. fxe5 Nd5 27. Rh3 g6 28. Bd6 Qf7 29. Rf1 b6 30. e4 Ne7 31. Rf4 Qg7 32. Qh6 g5 33. Qxg7+ Kxg7 34. Rg3 Kg6 35. Bxe7 Rxe7 36. h4 g4 37. exf5+ exf5 38. Rgxg4+ Kh6 39. Rg5 Rg7 40. Rxg7 Kxg7 41. Bxf5 Bxf5 42. Rxf5 Rd8 43. Rf6 Rxd4 44. Rxc6 Rxh4 45. Rxb6 Rh6 46. Rd6 Rg6 47. Kf2 Kf8 48. Kf3 Ke7 49. Rxg6 hxg6 50. Kf4 Ke6 51. Ke4 a5 52. b4 1-0

[Event "Faxe Eftermiddag-C"]
[Site "Faxe"]
[Date "2015.10.07"]
[Round "4"]
[White "Jakobsen, Henning"]
[Black "Andersen, Hans E"]
[Result "0-1"]
[WhiteElo "1397"]
[BlackElo "1518"]
[PlyCount "60"]
[EventDate "2015.09.16"]
[EventType "tourn"]
[EventRounds "5"]
[EventCountry "DEN"]
[SourceTitle "EXT 2023"]
[Source "ChessBase"]
[SourceDate "2022.10.05"]
[SourceVersion "1"]
[SourceVersionDate "2022.10.05"]
[SourceQuality "1"]

1. d4 Nf6 2. c4 g6 3. Nc3 e6 4. Bg5 h6 5. Bxf6 Qxf6 6. Nf3 b6 7. e4 Bb4 8. Be2 Bb7 9. Qc2 Nc6 10. d5 Nd4 11. Nxd4 Qxd4 12. 0-0 0-0-0 13. Nb5 Qe5 14. a3 Bd6 15. g3 Kb8 16. f4 Qg7 17. Nxd6 cxd6 18. Rac1 Qd4+ 19. Kh1 Rc8 20. Rfd1 Qf6 21. Qc3 Qe7 22. Bf3 f5 23. e5 dxe5 24. Qxe5+ d6 25. Qxe6 Qxe6 26. Re1 Qf6 27. Rc2 Rhe8 28. Rce2 Rxe2 29. Rxe2 Rxc4 30. Re6 Qxb2 0-1

[Event "Naestved Host EMT B"]
[Site "Naestved"]
[Date "2015.09.05"]
[Round "3"]
[White "Pedersen, Kurt Lovlund"]
[Black "Jakobsen, Henning"]
[Result "1-0"]
[WhiteElo "1820"]
[BlackElo "1478"]
[PlyCount "71"]
[EventDate "2015.08.24"]
[EventType "swiss"]
[EventRounds "7"]
[EventCountry "DEN"]
[SourceTitle "EXT 2024"]
[Source "ChessBase"]
[SourceDate "2023.10.10"]
[SourceVersion "1"]
[SourceVersionDate "2023.10.10"]
[SourceQuality "1"]

1. e4 d6 2. d4 Nf6 3. Nc3 g6 4. f4 Bg7 5. Nf3 0-0 6. Bc4 Bg4 7. h3 Bxf3 8. Qxf3 Nc6 9. Be3 Nd7 10. 0-0-0 e5 11. Ne2 exd4 12. Nxd4 Nxd4 13. Bxd4 Re8 14. Rhe1 a6 15. e5 dxe5 16. fxe5 Qg5+ 17. Kb1 Qf5 18. Qxf5 gxf5 19. e6 fxe6 20. Bxe6+ Kf8 21. Bxg7+ Kxg7 22. Bxd7 Rxe1 23. Rxe1 Rd8 24. Bxf5 h6 25. Kc1 Kf6 26. Bg4 Rd6 27. Rd1 b6 28. Rxd6+ cxd6 29. Kd2 Ke5 30. Kd3 b5 31. c4 b4 32. a3 a5 33. axb4 axb4 34. Kc2 Kd4 35. Kb3 Kc5 36. Bf3 1-0

[Event "Faxe Eftermiddag-C"]
[Site "Faxe"]
[Date "2013.10.23"]
[Round "4"]
[White "Jakobsen, Henning"]
[Black "Christoffersen, Ib"]
[Result "0-1"]
[WhiteElo "1168"]
[BlackElo "1414"]
[PlyCount "84"]
[EventDate "2013.09.25"]
[EventType "tourn"]
[EventRounds "5"]
[EventCountry "DEN"]
[SourceTitle "EXT 2023"]
[Source "ChessBase"]
[SourceDate "2022.10.05"]
[SourceVersion "1"]
[SourceVersionDate "2022.10.05"]
[SourceQuality "1"]

1. d4 d5 2. c4 Nf6 3. Nf3 h6 4. Nc3 c6 5. Bf4 Bf5 6. e3 e6 7. Be2 Nbd7 8. 0-0 Nh5 9. Re1 Be7 10. cxd5 cxd5 11. Ne5 Nxf4 12. exf4 a6 13. Bg4 0-0 14. Bxf5 Nxe5 15. fxe5 exf5 16. Qf3 Bb4 17. Re3 Bxc3 18. Rxc3 Qd7 19. Rac1 Rac8 20. h3 g6 21. Qe3 h5 22. Rxc8 Rxc8 23. Rc3 Re8 24. Qc1 Qa4 25. Rc8 Kg7 26. a3 Rxc8 27. Qxc8 Qxd4 28. Qxb7 Qxe5 29. b4 Qa1+ 30. Kh2 Qxa3 31. Qxd5 Qxb4 32. Qe5+ Kh7 33. Qf6 Qc4 34. g3 a5 35. h4 a4 36. Qe7 Qa2 37. Kg2 Qb3 38. Qa7 a3 39. Kh3 a2 40. Kh2 Qe6 41. Kg1 Kg7 42. Qd4+ Qf6 0-1

[Event "Faxe Eftermiddag-C"]
[Site "Faxe"]
[Date "2013.09.25"]
[Round "1"]
[White "Jakobsen, Henning"]
[Black "Refsgaard, Kaj"]
[Result "1-0"]
[WhiteElo "1168"]
[BlackElo "1468"]
[PlyCount "70"]
[EventDate "2013.09.25"]
[EventType "tourn"]
[EventRounds "5"]
[EventCountry "DEN"]
[SourceTitle "EXT 2023"]
[Source "ChessBase"]
[SourceDate "2022.10.05"]
[SourceVersion "1"]
[SourceVersionDate "2022.10.05"]
[SourceQuality "1"]

1. d4 d5 2. c4 c6 3. Nf3 Nf6 4. Nc3 g6 5. Bf4 Bg7 6. e3 0-0 7. Be2 Nbd7 8. 0-0 Nb6 9. c5 Nbd7 10. h3 h6 11. Re1 g5 12. Bh2 b5 13. b4 Nh7 14. Qc2 a5 15. a3 f5 16. Bd3 e6 17. g4 Qf6 18. Ne5 Nxe5 19. Bxe5 Qf7 20. Bd6 Re8 21. Ne2 Nf8 22. Ng3 f4 23. Nh5 e5 24. Nxg7 Qxg7 25. Bxe5 Qf7 26. e4 Be6 27. Bc7 Qxc7 28. f3 dxe4 29. Bxe4 Qd7 30. Rad1 axb4 31. axb4 Ra2 32. Qc3 Bd5 33. Bxd5+ Re6 34. Bxe6+ Nxe6 35. Qb3 Kf7 1-0

[Event "Faxe EMT"]
[Site "Faxe"]
[Date "2013.05.15"]
[Round "6"]
[White "Toftvang, Ove"]
[Black "Jakobsen, Henning"]
[Result "1-0"]
[WhiteElo "1255"]
[BlackElo "1295"]
[PlyCount "125"]
[EventDate "2013.04.03"]
[EventType "swiss"]
[EventRounds "7"]
[EventCountry "DEN"]
[SourceTitle "EXT 2023"]
[Source "ChessBase"]
[SourceDate "2022.10.05"]
[SourceVersion "1"]
[SourceVersionDate "2022.10.05"]
[SourceQuality "1"]

1. g3 Nf6 2. d4 g6 3. Bg2 d5 4. Nf3 Bg7 5. c3 0-0 6. 0-0 Nc6 7. h3 Nd7 8. Nh2 e6 9. f4 f5 10. b3 Nf6 11. Ba3 Rf7 12. e3 Bh6 13. Nd2 Rg7 14. Ndf3 Ne4 15. Qe1 g5 16. fxg5 Bxg5 17. Bc1 Nxg3 18. Rf2 Bh4 19. Rc2 Bf6 20. Nf1 Ne4 21. a3 Ng5 22. N1h2 Nxh3+ 23. Kh1 Ng5 24. Nxg5 Bxg5 25. Nf3 Rg6 26. Kg1 b6 27. Nxg5 Qxg5 28. e4 Qxg2+ 29. Rxg2 fxe4 30. Rxg6+ hxg6 31. Qg3 Ba6 32. Qxg6+ Kf8 33. Bh6+ Ke7 34. Bg5+ Kd6 35. Bf4+ Kd7 36. Qf7+ Ne7 37. Bg5 Re8 38. c4 dxc4 39. d5 exd5 40. Rd1 c6 41. bxc4 Bxc4 42. Kf2 a5 43. Be3 c5 44. Rh1 b5 45. Rh7 d4 46. Qf5+ Be6 47. Qxe4 Rf8+ 48. Bf4 Rf7 49. Qb7+ Ke8 50. Rh8+ Rf8 51. Rxf8+ Kxf8 52. Qxb5 c4 53. Qc5 d3 54. Bg5 Kf7 55. Qxe7+ Kg6 56. Bd2 Kf5 57. Qc5+ Ke4 58. Qe3+ Kd5 59. Bxa5 Kc6 60. Bb4 Kd7 61. a4 Bd5 62. Qd4 Ke6 63. a5 1-0

[Event "Faxe EMT"]
[Site "Faxe"]
[Date "2013.05.01"]
[Round "4"]
[White "Jakobsen, Henning"]
[Black "Eriksen, Knud"]
[Result "1-0"]
[WhiteElo "1295"]
[BlackElo "1203"]
[PlyCount "187"]
[EventDate "2013.04.03"]
[EventType "swiss"]
[EventRounds "7"]
[EventCountry "DEN"]
[SourceTitle "EXT 2023"]
[Source "ChessBase"]
[SourceDate "2022.10.05"]
[SourceVersion "1"]
[SourceVersionDate "2022.10.05"]
[SourceQuality "1"]

1. d4 d5 2. c4 Nf6 3. Nc3 e6 4. Bg5 c5 5. Nf3 Nc6 6. e3 cxd4 7. Nxd4 Be7 8. Qa4 Bd7 9. Qc2 0-0 10. cxd5 Nxd5 11. Bxe7 Qxe7 12. Nxd5 exd5 13. Nxc6 Bxc6 14. Bd3 Qb4+ 15. Qc3 Qxc3+ 16. bxc3 a6 17. 0-0 b5 18. Rac1 f5 19. Rfd1 g6 20. Be2 Kg7 21. Bf3 Rad8 22. Rd4 Rf6 23. Bd1 Rfd6 24. Ra1 Kf6 25. a4 h5 26. h3 R8d7 27. axb5 Bxb5 28. Rf4 g5 29. Rd4 h4 30. f4 Re7 31. Kf2 g4 32. hxg4 fxg4 33. Bxg4 Rc7 34. Ra3 Rg7 35. Bf3 Kf5 36. Rxd5+ Ke6 37. f5+ Kd7 38. f6 Rf7 39. Bg4+ Kc6 40. Rxd6+ Kxd6 41. Ra1 Rxf6+ 42. Bf3 Kc5 43. Ke1 Kb6 44. Rb1 Ka7 45. Rb4 Rh6 46. c4 Bc6 47. Kf2 Rf6 48. Ke2 Bxf3+ 49. gxf3 h3 50. Rb1 Rg6 51. Kd3 a5 52. Rh1 Rh6 53. f4 a4 54. Kc3 h2 55. Kb4 Ra6 56. Ka3 Kb6 57. Rxh2 Kc5 58. Rb2 Kxc4 59. Rb4+ Kd5 60. Rxa4 Re6 61. Rd4+ Kc5 62. Rd3 Kc4 63. Rb3 Kd5 64. Kb2 Ke4 65. Kc2 Kf5 66. Kd2 Ke4 67. Rb4+ Kf5 68. Kd3 Rd6+ 69. Rd4 Re6 70. Rd5+ Kf6 71. Kd4 Ra6 72. Rc5 Rd6+ 73. Ke4 Ra6 74. Rd5 Re6+ 75. Re5 Ra6 76. Rf5+ Ke6 77. Rg5 Ra4+ 78. Kf3 Kf6 79. Kg4 Re4 80. Kf3 Rb4 81. Re5 Ra4 82. Kg4 Ra3 83. Re8 Kf7 84. Re4 Kf6 85. f5 Ra5 86. Re6+ Kf7 87. Kg5 Ra8 88. e4 Rg8+ 89. Rg6 Rb8 90. e5 Rb1 91. e6+ Ke7 92. Rg7+ Ke8 93. Kf6 Rb6 94. Rg8# 1-0

[Event "Faxe Eftermiddag-D"]
[Site "Faxe"]
[Date "2012.09.26"]
[Round "1"]
[White "Jakobsen, Henning"]
[Black "Eriksen, Knud"]
[Result "1-0"]
[WhiteElo "1265"]
[BlackElo "1331"]
[PlyCount "77"]
[EventDate "2012.09.26"]
[EventType "swiss"]
[EventRounds "5"]
[EventCountry "DEN"]
[SourceTitle "EXT 2023"]
[Source "ChessBase"]
[SourceDate "2022.10.05"]
[SourceVersion "1"]
[SourceVersionDate "2022.10.05"]
[SourceQuality "1"]

1. d4 Nf6 2. c4 e6 3. Nf3 d5 4. Nc3 c6 5. Bg5 Be7 6. e3 0-0 7. Ne5 Nbd7 8. cxd5 exd5 9. Be2 Qe8 10. 0-0 b6 11. Nxc6 Bd6 12. Nb5 Ne4 13. Nxd6 Nxd6 14. Be7 Nf5 15. Bxf8 Nxf8 16. Bb5 Bd7 17. Rc1 a6 18. Bd3 Nh6 19. Nb4 b5 20. Nxd5 Qb8 21. Be4 Ra7 22. Ne7+ Kh8 23. f3 Qd6 24. Nc8 Qb8 25. Nxa7 Qxa7 26. Rc3 b4 27. Rc5 Ne6 28. Rc4 a5 29. Qc2 Ng5 30. Rc1 Be6 31. Rc7 Qb6 32. h4 Nxe4 33. Qxe4 Qb8 34. Qc6 Ng8 35. d5 Bf5 36. e4 Bg6 37. Rc8 Qa7+ 38. Kh1 h5 39. Qe8 1-0

[Event "Sonderjysk EMT B"]
[Site "Sonderborg"]
[Date "2012.02.07"]
[Round "3"]
[White "Asmund, Erik"]
[Black "Jakobsen, Henning"]
[Result "1/2-1/2"]
[WhiteElo "1477"]
[BlackElo "1576"]
[PlyCount "37"]
[EventDate "2012.01.17"]
[EventType "tourn"]
[EventRounds "7"]
[EventCountry "DEN"]
[SourceTitle "EXT 2023"]
[Source "ChessBase"]
[SourceDate "2022.10.05"]
[SourceVersion "1"]
[SourceVersionDate "2022.10.05"]
[SourceQuality "1"]

1. e4 e5 2. Nf3 d6 3. c3 f5 4. exf5 Bxf5 5. d3 Nf6 6. Qb3 b6 7. Be2 Nbd7 8. Be3 Nc5 9. Bxc5 bxc5 10. Nbd2 c6 11. Nc4 Qc7 12. Ne3 Rb8 13. Qc2 Bg6 14. Nh4 Bf7 15. 0-0 g6 16. b3 Be7 17. g3 0-0 18. Nhg2 Be6 19. f4 1/2-1/2

[Event "Faxe Eftermiddag-D"]
[Site "Faxe"]
[Date "2010.10.27"]
[Round "5"]
[White "Jakobsen, Henning"]
[Black "Hansen, Egon"]
[Result "0-1"]
[WhiteElo "1118"]
[BlackElo "1336"]
[PlyCount "60"]
[EventDate "2010.09.22"]
[EventType "swiss"]
[EventRounds "5"]
[EventCountry "DEN"]
[SourceTitle "EXT 2023"]
[Source "ChessBase"]
[SourceDate "2022.10.05"]
[SourceVersion "1"]
[SourceVersionDate "2022.10.05"]
[SourceQuality "1"]

1. d4 d5 2. c4 Nf6 3. Nc3 e6 4. Nf3 Bb4 5. Bg5 Nbd7 6. e3 c6 7. Be2 Qa5 8. Qc2 0-0 9. Nd2 Bxc3 10. bxc3 dxc4 11. Bxc4 Qxg5 12. 0-0 Nb6 13. Nf3 Qa5 14. Bb3 Nbd7 15. c4 Qc7 16. g3 e5 17. Rfd1 Re8 18. Rac1 exd4 19. Rxd4 Nc5 20. Rcd1 Bg4 21. Kg2 Bxf3+ 22. Kxf3 Rad8 23. Kg2 Rxd4 24. Rxd4 Rd8 25. Qd1 Ne6 26. Rd3 Rxd3 27. Qxd3 Qd8 28. Bc2 Qxd3 29. Bxd3 Nc5 30. Bf5 Nfe4 0-1

[Event "Faxe Eftermiddag-D"]
[Site "Faxe"]
[Date "2010.09.22"]
[Round "1"]
[White "Hansen, Arne Mandrup"]
[Black "Jakobsen, Henning"]
[Result "1/2-1/2"]
[WhiteElo "1336"]
[BlackElo "1118"]
[PlyCount "136"]
[EventDate "2010.09.22"]
[EventType "swiss"]
[EventRounds "5"]
[EventCountry "DEN"]
[SourceTitle "EXT 2023"]
[Source "ChessBase"]
[SourceDate "2022.10.05"]
[SourceVersion "1"]
[SourceVersionDate "2022.10.05"]
[SourceQuality "1"]

1. d4 Nf6 2. c4 g6 3. Nc3 Bg7 4. Nf3 d6 5. h3 0-0 6. Bf4 Nfd7 7. Bh2 Nc6 8. e3 e5 9. d5 Ne7 10. e4 f5 11. Ng5 Nc5 12. b4 Nxe4 13. Ngxe4 fxe4 14. Nxe4 Bf5 15. Bd3 Bxe4 16. Bxe4 Nf5 17. 0-0 Qh4 18. Qd3 Rf7 19. Rab1 Raf8 20. Bxf5 Rxf5 21. Bg3 Qd4 22. Rbd1 Qb2 23. Qd2 Qxd2 24. Rxd2 e4 25. Re2 Re8 26. Rd1 Bc3 27. b5 b6 28. f3 e3 29. Rc1 Bg7 30. Rb1 Bd4 31. Be1 Rh5 32. a4 Ree5 33. Kh2 Rhf5 34. a5 Kf7 35. axb6 Bxb6 36. Bg3 Re7 37. h4 h5 38. Rf1 Kf6 39. Kh3 Rg7 40. Be1 Ke5 41. Bc3+ Bd4 42. Rc1 Bxc3 43. Rxe3+ Kd4 44. Rcxc3 Re5 45. Red3+ Kc5 46. Rd2 g5 47. Rdc2 g4+ 48. fxg4 Rxg4 49. g3 Ree4 50. Ra3 Rxc4 51. Rxc4+ Rxc4 52. Rxa7 Kxb5 53. Rb7+ Ka6 54. Rb8 Rc5 55. Rg8 Rxd5 56. g4 Rd3+ 57. Kg2 Rd2+ 58. Kf3 Rd3+ 59. Kf4 Rd4+ 60. Kf5 Rd5+ 61. Kf6 hxg4 62. Rxg4 Rh5 63. Kg6 Re5 64. h5 Rxh5 65. Kxh5 Kb6 66. Rc4 c5 67. Kg4 Kb5 68. Rf4 Kc6 1/2-1/2